Communication revolution : (Record no. 2844)

000 -LEADER
fixed length control field 01683cam a2200361 a 4500
001 - CONTROL NUMBER
control field 14823047
003 - CONTROL NUMBER IDENTIFIER
control field OSt
005 - DATE AND TIME OF LATEST TRANSACTION
control field 20180117085950.0
008 - FIXED-LENGTH DATA ELEMENTS--GENERAL INFORMATION
fixed length control field 070425s2007 nyu b 001 0 eng
010 ## - LIBRARY OF CONGRESS CONTROL NUMBER
LC control number 2007017387
015 ## - NATIONAL BIBLIOGRAPHY NUMBER
National bibliography number GBA762252
Source bnb
016 7# - NATIONAL BIBLIOGRAPHIC AGENCY CONTROL NUMBER
Record control number 013811424
Source Uk
020 ## - INTERNATIONAL STANDARD BOOK NUMBER
International Standard Book Number 9781595582072
020 ## - INTERNATIONAL STANDARD BOOK NUMBER
International Standard Book Number 159558207X
035 ## - SYSTEM CONTROL NUMBER
System control number (OCoLC)ocn124031823
035 ## - SYSTEM CONTROL NUMBER
System control number (OCoLC)124031823
040 ## - CATALOGING SOURCE
Original cataloging agency DLC
Transcribing agency DLC
Modifying agency YDX
-- BAKER
-- BTCTA
-- UKM
-- OCO
-- YDXCP
-- IXA
-- DLC
050 00 - LIBRARY OF CONGRESS CALL NUMBER
Classification number P91
Item number .M372 2007
082 00 - DEWEY DECIMAL CLASSIFICATION NUMBER
Classification number 302.2309/0501
Edition number 22
100 1# - MAIN ENTRY--PERSONAL NAME
Personal name McChesney, Robert Waterman,
Dates associated with a name 1952-
245 10 - TITLE STATEMENT
Title Communication revolution :
Remainder of title critical junctures and the future of media /
Statement of responsibility, etc. Robert W. McChesney.
260 ## - PUBLICATION, DISTRIBUTION, ETC.
Place of publication, distribution, etc. New York :
Name of publisher, distributor, etc. New Press :
-- Distributed by W. W. Norton & Co.,
Date of publication, distribution, etc. 2007.
300 ## - PHYSICAL DESCRIPTION
Extent xviii, 301 p. ;
Dimensions 22 cm.
504 ## - BIBLIOGRAPHY, ETC. NOTE
Bibliography, etc. note Includes bibliographical references (p. [223]-285) and index.
650 #0 - SUBJECT ADDED ENTRY--TOPICAL TERM
Topical term or geographic name entry element Communication
General subdivision History
Chronological subdivision 21st century
Form subdivision Forecasts.
856 41 - ELECTRONIC LOCATION AND ACCESS
Materials specified Table of contents only
Uniform Resource Identifier <a href="http://www.loc.gov/catdir/toc/ecip0717/2007017387.html">http://www.loc.gov/catdir/toc/ecip0717/2007017387.html</a>
856 42 - ELECTRONIC LOCATION AND ACCESS
Materials specified Contributor biographical information
Uniform Resource Identifier <a href="http://www.loc.gov/catdir/enhancements/fy1409/2007017387-b.html">http://www.loc.gov/catdir/enhancements/fy1409/2007017387-b.html</a>
856 42 - ELECTRONIC LOCATION AND ACCESS
Materials specified Publisher description
Uniform Resource Identifier <a href="http://www.loc.gov/catdir/enhancements/fy1409/2007017387-d.html">http://www.loc.gov/catdir/enhancements/fy1409/2007017387-d.html</a>
906 ## - LOCAL DATA ELEMENT F, LDF (RLIN)
a 7
b cbc
c orignew
d 1
e ecip
f 20
g y-gencatlg
942 ## - ADDED ENTRY ELEMENTS (KOHA)
Source of classification or shelving scheme
Koha item type Book
Holdings
Withdrawn status Lost status Source of classification or shelving scheme Damaged status Not for loan Collection code Permanent Location Current Location Shelving location Date acquired Total Checkouts Full call number Barcode Date last seen Price effective from Koha item type
            Central Library (CL) Central Library (CL) General Stacks 03/21/2016   302.2309/0501 MCC S3H-N-314 03/21/2016 03/21/2016 Book
© 2023 Central Library, National University of Sciences and Technology. All Rights Reserved.